书目信息 |
| 题名: |
永嘉四灵暨江湖派诗传
|
|
| 作者: | 胡俊林 著 | |
| 分册: | 下 | |
| 出版信息: | 长春 吉林人民出版社 2005 |
|
| 页数: | 277页 | |
| 开本: | 21cm | |
| 丛书名: | 中国历代名家流派诗传 | |
| 单 册: | ||
| 中图分类: | I222.744.2 | |
| 科图分类: | ||
| 主题词: | 古典诗歌--中国--南宋--选集 , 古典诗歌 | |
| 电子资源: | ||
| ISBN: | 7-206-03396-2 | |
| 000 | 00889oam2 2200277 45 | |
| 001 | 012006040413 | |
| 005 | 20070113090619.70 | |
| 010 | @a7-206-03396-2@dCNY42.50(2册) | |
| 092 | @aCN@b489578 | |
| 100 | @a20060404d2005 em y0chiy0121 ea | |
| 101 | 0 | @achi |
| 102 | @aCN@b220000 | |
| 105 | @ay z 000gd | |
| 200 | 1 | @a永嘉四灵暨江湖派诗传@9yong jia si ling ji jiang hu pai shi zhuan@h下@f胡俊林著 |
| 205 | @a2版 | |
| 210 | @a长春@c吉林人民出版社@d2005 | |
| 215 | @a277页@d21cm | |
| 225 | 2 | @a中国历代名家流派诗传 |
| 330 | @a本书收录了“渔家”、“石门瀑布”、“雨中”、“梦回”、“野望”、“梦回”、“乡村四望”、“游园不值”等。 | |
| 461 | 0 | @12001 @a中国历代名家流派诗传 |
| 606 | 0 | @a古典诗歌@y中国@z南宋@j选集 |
| 606 | 0 | @a古典诗歌 |
| 690 | @aI222.744.2@v4 | |
| 701 | 0 | @a胡俊林@9hu jun lin@4著 |
| 801 | 0 | @aCN@bLZJBOOK@c20070113 |
| 905 | @a10447@dI222.744.2@e498:2=2 | |
| 永嘉四灵暨江湖派诗传.下/胡俊林著.-2版.-长春:吉林人民出版社,2005 |
| 277页;21cm.-(中国历代名家流派诗传) |
| ISBN 7-206-03396-2:CNY42.50(2册) |
| 本书收录了“渔家”、“石门瀑布”、“雨中”、“梦回”、“野望”、“梦回”、“乡村四望”、“游园不值”等。 |
| ● |
| 相关链接 |
|
|
|
|
正题名:永嘉四灵暨江湖派诗传
索取号:I222.744.2/498:2=2
 
预约/预借
| 序号 | 登录号 | 条形码 | 馆藏地/架位号 | 状态 | 备注 |
| 1 | 0559807 | 205598076 | 第一样本阅览室/ [索取号:I222.744.2/498:2=2] | 在馆 | |
| 2 | 0559808 | 205598085 | 第二借阅区/ [索取号:I222.744.2/498:2=2] | 在馆 | |
| 3 | 0559809 | 205598094 | 第二借阅区/ [索取号:I222.744.2/498:2=2] | 在馆 | |
| 4 | 0559810 | 205598101 | 第二借阅区/ [索取号:I222.744.2/498:2=2] | 在馆 | |
| 5 | 0559811 | 205598110 | 第二借阅区/ [索取号:I222.744.2/498:2=2] | 在馆 | |
| 6 | 0559812 | 205598129 | 第二借阅区/ [索取号:I222.744.2/498:2=2] | 在馆 | |
| 7 | 0559813 | 205598138 | 第二借阅区/ [索取号:I222.744.2/498:2=2] | 在馆 | |
| 8 | 0559814 | 205598147 | 第二借阅区/ [索取号:I222.744.2/498:2=2] | 在馆 | |
| 9 | 0562485 | 205624859 | 第二借阅区/ [索取号:I222.744.2/498:2=2] | 在馆 | |
| 10 | 0562486 | 205624868 | 第二借阅区/ [索取号:I222.744.2/498:2=2] | 在馆 | |
| 11 | 0562487 | 205624877 | 第二借阅区/ [索取号:I222.744.2/498:2=2] | 在馆 | |
| 12 | 0562488 | 205624886 | 第二借阅区/ [索取号:I222.744.2/498:2=2] | 在馆 | |
| 13 | 0562489 | 205624895 | 第二借阅区/ [索取号:I222.744.2/498:2=2] | 在馆 | |
| 14 | 0562490 | 205624902 | 第二借阅区/ [索取号:I222.744.2/498:2=2] | 在馆 | |
| 15 | 0562491 | 205624911 | 第二借阅区/ [索取号:I222.744.2/498:2=2] | 在馆 | |
| 16 | 0562492 | 205624920 | 第二借阅区/ [索取号:I222.744.2/498:2=2] | 在馆 |